La animación sociocultural

Guardat en:
Dades bibliogràfiques
Autor principal: Besnard, Pierre (Autor)
Format: Llibre
Idioma:espanyol
Publicat: Barcelona Paidos 1991
Col·lecció:Paidos Educador, 101
Matèries:
Etiquetes: Afegir etiqueta
Sense etiquetes, Sigues el primer a etiquetar aquest registre!

MARC

LEADER 00000nam a2200000 a 4500
001 UCW7831
003 CL-VaPUC
008 930914e19910000SP |||||||||||||||||spa|d
020 |a 8475096859 
082 0 4 |a 302.3  |b BES  |2 21 
100 0 |a Besnard, Pierre  |e author  |9 313059 
245 1 3 |a La animación sociocultural 
300 |a 150 p 
942 |c BK 
945 |d 19930914 00:00:00 
260 |a Barcelona  |b Paidos  |c 1991 
650 0 |a Animación cultural   |9 310162 
650 0 |a Educación de adultos  |9 307580 
650 7 |a LIDERAZGO COMUNAL  |2 CL-VaPUC  |9 313060 
583 |a last modification  |c 19930914 00:00:00  |k Rodrigo Vera 
490 0 |a Paidos Educador, 101 
999 |c 220490  |d 220488 
952 |0 0  |1 0  |4 0  |6 302_300000000000000_BES_1991  |7 0  |8 A  |9 212789  |a BIBEDU  |b BIBEDU  |d 2019-11-15  |i 2809354  |l 2  |o 302.3 BES 1991  |p 2809354  |r 2022-07-14  |s 2022-07-14  |w 2019-11-15  |y BK  |k EDU 
952 |0 0  |1 0  |4 0  |6 302_300000000000000_BES_1991  |7 0  |8 A  |9 212790  |a BIBEDU  |b BIBEDU  |d 2019-11-15  |i 4210689  |o 302.3 BES 1991  |p 4210689  |r 2019-11-15  |w 2019-11-15  |y BK  |k EFI 
952 |0 0  |1 0  |4 0  |6 302_300000000000000_BES_1991  |7 0  |8 A  |9 212791  |a BIBEDU  |b BIBEDU  |d 2019-11-15  |i 4235231  |o 302.3 BES 1991  |p 4235231  |r 2019-11-15  |w 2019-11-15  |y BK  |k EFI